Chỉ dẫn áp dụng các quy định khác của Bộ luật dân sự /

Những quy định chung; Tài sản và quyền sở hữu; Nghĩa vụ dân sự và hợp đồng dân sự; Thừa kế; Những quy định về chuyển quyền sử dụng đất; Quyền sở hữu trí tuệ và chuyển giao công nghệ; Quan hệ dân sự có yếu tố nước ngoài.

Kaydedildi:
Detaylı Bibliyografya
Diğer Yazarlar: Hoàng Thế Liên, TS., Nguyễn Xuân Anh., Dương Bạch Long.
Materyal Türü: Kitap
Dil:Vietnamese
Baskı/Yayın Bilgisi: Hà Nội : Lao động, 2000.
Konular:
Etiketler: Etiketle
Etiket eklenmemiş, İlk siz ekleyin!
Thư viện lưu trữ: Mạng thư viện Đại học Đà Nẵng
LEADER 01314cam a2200373 i 4500
001 000042304
003 178
005 20041028161345.0
008 010217b2000 vm 000 vie
020 |c 365000 
022 |a T 
040 |a IRC  |c IRC  |d IRC 
041 0 |a vie 
082 1 4 |a 346.01  |b Ch-D 
245 0 0 |a Chỉ dẫn áp dụng các quy định khác của Bộ luật dân sự /  |c Hoàng Thế Liên, Nguyễn Xuân Anh, Dương Bạch Long. 
260 |a Hà Nội :  |b Lao động,  |c 2000. 
300 |a 2280 tr. ;  |c 27 cm. 
520 3 |a Những quy định chung; Tài sản và quyền sở hữu; Nghĩa vụ dân sự và hợp đồng dân sự; Thừa kế; Những quy định về chuyển quyền sử dụng đất; Quyền sở hữu trí tuệ và chuyển giao công nghệ; Quan hệ dân sự có yếu tố nước ngoài. 
630 0 4 |a Pháp luật. 
630 0 4 |a Luật dân sự. 
650 0 4 |a Luật dân sự  |z Việt Nam. 
700 1 |a Hoàng Thế Liên,  |c TS. 
700 1 |a Nguyễn Xuân Anh. 
700 1 |a Dương Bạch Long. 
OWN |a DUT 
999 |a From the UDN01 
TYP |a Monograph 
TYP |a Printed language 
980 |a Mạng thư viện Đại học Đà Nẵng